[Event "47. Torneo Villa de Mislata - Torneo A"]
[Site "Mislata ESP"]
[Date "2013.08.13"]
[Round "2.3"]
[White "Jimenez Martin, Gustavo"]
[Black "Carrascoso Morales, Abel"]
[Result "1-0"]
[WhiteElo "2136"]
[BlackElo "2288"]
[PlyCount "89"]
[EventDate "2013.08.12"]
[EventType "swiss"]
[EventRounds "9"]
[EventCountry "ESP"]
[Source "lmi"]
[SourceDate "2013.08.12"]

1. d4 Nf6 2. Nc3 d5 3. Bg5 Ne4 4. Nxe4 dxe4 5. e3 c5 6. c3 Qb6 7. Qc2 cxd4 8.
exd4 Bf5 9. Ne2 h6 10. Be3 g5 11. Ng3 Bg6 12. h4 gxh4 13. Rxh4 Nd7 14. Nxe4
O-O-O 15. Bd3 Qc6 16. O-O-O Bg7 17. Qb3 Nb6 18. Nc5 Bxd3 19. Nxd3 e6 20. Rh5 f5
21. Nf4 Nd5 22. Nxd5 Rxd5 23. f3 Rhd8 24. Qc2 Ra5 25. Kb1 Qa6 26. b3 Bf8 27.
Bxh6 Bd6 28. Bd2 Kb8 29. c4 Ra3 30. c5 Be7 31. Bb4 Bf6 32. Bxa3 Qxa3 33. Rh6
Bxd4 34. Rxe6 Rd5 35. c6 Rc5 36. Qd2 Rd5 37. Rc1 bxc6 38. Rexc6 f4 39. Qc2 Kb7
40. Rc7+ Ka6 41. Qc6+ Bb6 42. Qb7+ Kb5 43. Qxd5+ Ka6 44. Qc4+ Ka5 45. Qd5+ 1-0

[Event "47. Torneo Villa de Mislata - Torneo A"]
[Site "Mislata ESP"]
[Date "2013.08.13"]
[Round "2.4"]
[White "Serna Lara, Sergio"]
[Black "Gonzalez Aguirre, Luis"]
[Result "1-0"]
[WhiteElo "2287"]
[BlackElo "2151"]
[PlyCount "53"]
[EventDate "2013.08.12"]
[EventType "swiss"]
[EventRounds "9"]
[EventCountry "ESP"]
[Source "lmi"]
[SourceDate "2013.08.12"]

1. d4 d5 2. c4 e5 3. dxe5 d4 4. Nf3 Nc6 5. a3 Be6 6. Nbd2 Nge7 7. Nb3 Nf5 8.
Qc2 a5 9. Bg5 Qd7 10. g4 a4 11. Nbd2 h6 12. Bf4 g5 13. Ne4 Bg7 14. gxf5 Bxf5
15. Bg3 O-O-O 16. Bg2 Rhe8 17. O-O-O Bxe4 18. Qxe4 f5 19. e6 Qxe6 20. Qxe6+
Rxe6 21. Rhe1 Rde8 22. e3 dxe3 23. fxe3 Na5 24. Nd4 Bxd4 25. exd4 Nxc4 26. Rxe6
Rxe6 27. Bd5 1-0

[Event "47. Torneo Villa de Mislata - Torneo A"]
[Site "Mislata ESP"]
[Date "2013.08.13"]
[Round "2.6"]
[White "Sos Andreu, Eric"]
[Black "Ribera Cebolla, Marc"]
[Result "1-0"]
[WhiteElo "2229"]
[BlackElo "2029"]
[PlyCount "79"]
[EventDate "2013.08.12"]
[EventType "swiss"]
[EventRounds "9"]
[EventCountry "ESP"]
[Source "lmi"]
[SourceDate "2013.08.12"]

1. e4 c5 2. c3 d5 3. exd5 Qxd5 4. d4 Nf6 5. Nf3 Nc6 6. Be2 e6 7. Na3 cxd4 8.
Nb5 Qd8 9. Nfxd4 Nxd4 10. Qxd4 Qxd4 11. Nxd4 a6 12. O-O Be7 13. Bf3 e5 14. Nc6
Bd6 15. Na5 Rb8 16. Nc4 Bc7 17. Re1 Nd7 18. Bg4 f6 19. Rd1 Nb6 20. Bxc8 Nxc8
21. Ne3 Ne7 22. b3 Rd8 23. Ba3 Ba5 24. Bxe7 Rxd1+ 25. Rxd1 Kxe7 26. b4 Bd8 27.
Nf5+ Kf7 28. Nd6+ Ke6 29. Nxb7 Be7 30. a3 Rc8 31. Rc1 f5 32. Kf1 e4 33. Ke2 Ke5
34. c4 f4 35. c5 Bg5 36. Rd1 e3 37. Nd6 Rf8 38. Nc4+ Ke4 39. c6 exf2 40. c7 1-0

[Event "47. Torneo Villa de Mislata - Torneo A"]
[Site "Mislata ESP"]
[Date "2013.08.13"]
[Round "2.7"]
[White "Pena Riasco, Alexander"]
[Black "Picazo Lopez, Juan Antonio"]
[Result "0-1"]
[WhiteElo "2121"]
[BlackElo "2200"]
[PlyCount "74"]
[EventDate "2013.08.12"]
[EventType "swiss"]
[EventRounds "9"]
[EventCountry "ESP"]
[Source "lmi"]
[SourceDate "2013.08.12"]

1. e4 d5 2. exd5 Nf6 3. d4 Nxd5 4. c4 Nb6 5. Nc3 e5 6. Nf3 Bg4 7. d5 Bb4 8. h3
Bxc3+ 9. bxc3 Bxf3 10. Qxf3 O-O 11. Be2 c6 12. Ba3 e4 13. Qe3 Re8 14. d6 N8d7
15. O-O Ne5 16. Qd4 Qg5 17. Kh1 f5 18. Bc1 Qf6 19. c5 Nbd7 20. a4 b6 21. cxb6
axb6 22. Ba3 c5 23. Qd5+ Qe6 24. Qd1 f4 25. Re1 f3 26. Bf1 Nf6 27. Rb1 fxg2+
28. Bxg2 Nf3 29. Re3 Ng4 30. Rxf3 exf3 31. Qxf3 Qe1+ 32. Rxe1 Rxe1+ 33. Bf1
Rxf1+ 34. Kg2 Rxf2+ 35. Qxf2 Nxf2 36. Kxf2 Kf7 37. Bc1 Ke6 0-1

[Event "47. Torneo Villa de Mislata - Torneo A"]
[Site "Mislata ESP"]
[Date "2013.08.13"]
[Round "2.8"]
[White "Rebole Arbea, Jose Ignacio"]
[Black "Cano Cabanillas, Javier"]
[Result "0-1"]
[WhiteElo "2187"]
[BlackElo "2010"]
[PlyCount "120"]
[EventDate "2013.08.12"]
[EventType "swiss"]
[EventRounds "9"]
[EventCountry "ESP"]
[Source "lmi"]
[SourceDate "2013.08.12"]

1. g3 Nf6 2. Bg2 d5 3. c4 g6 4. cxd5 Nxd5 5. Qb3 Nb6 6. Qc3 f6 7. h4 Kf7 8. h5
Bg7 9. h6 Bf8 10. Nf3 Nc6 11. Ng5+ Ke8 12. Ne4 Qd4 13. Na3 a6 14. Nc5 Qd6 15.
Ne4 Qd4 16. Qxd4 Nxd4 17. e3 Nf5 18. Nc5 c6 19. Bh3 e5 20. Ne4 Kf7 21. b3 Nxh6
22. Bb2 Bxh3 23. Rxh3 Nf5 24. f4 exf4 25. gxf4 Re8 26. Nf2 Nd6 27. Nc2 Bg7 28.
O-O-O f5 29. Nd4 c5 30. Nf3 Bxb2+ 31. Kxb2 Nd7 32. Rdh1 Kg7 33. R3h2 h6 34. Rg2
Kf6 35. Rhg1 Rhg8 36. Rh1 Rh8 37. Rhg1 Rhg8 38. a3 b5 39. Nd3 Nf7 40. Nc1 g5
41. Ne2 g4 42. Nh4 Nd6 43. Ng3 c4 44. b4 Nb6 45. Rh2 Na4+ 46. Kc2 c3 47. Ng2
cxd2 48. Rxh6+ Rg6 49. Rxg6+ Kxg6 50. Kxd2 Nc4+ 51. Kd3 Rd8+ 52. Ke2 Nxa3 53.
Nh4+ Kf6 54. Nhxf5 Nc3+ 55. Kf2 Ne4+ 56. Ke2 Rd2+ 57. Kf1 Rf2+ 58. Ke1 Nc2+ 59.
Kd1 Rd2+ 60. Kc1 Nxb4 0-1

[Event "47. Torneo Villa de Mislata - Torneo A"]
[Site "Mislata ESP"]
[Date "2013.08.13"]
[Round "2.9"]
[White "Uran Bermudez, Oliver Kevin"]
[Black "Buenafe Moya, Javier"]
[Result "0-1"]
[WhiteElo "2103"]
[BlackElo "2229"]
[PlyCount "98"]
[EventDate "2013.08.12"]
[EventType "swiss"]
[EventRounds "9"]
[EventCountry "ESP"]
[Source "lmi"]
[SourceDate "2013.08.12"]

1. e4 e5 2. Nf3 Nc6 3. Bb5 Nf6 4. O-O Nxe4 5. Re1 Nd6 6. Nxe5 Nxe5 7. Rxe5+ Be7
8. Bd3 O-O 9. Nc3 Bf6 10. Re3 g6 11. b3 Re8 12. Rxe8+ Nxe8 13. Ba3 d5 14. Qf3
c6 15. Re1 Ng7 16. Ne2 Bf5 17. Ng3 Bxd3 18. Qxd3 Ne6 19. Bb4 a5 20. Bc3 a4 21.
b4 d4 22. Bb2 Qd5 23. c4 Qxg2+ 24. Kxg2 Nf4+ 25. Kf3 Nxd3 26. Rb1 Ne5+ 27. Kg2
Nxc4 28. Ne4 Nxb2 29. Nxf6+ Kg7 30. Nxh7 Nd3 31. Ng5 b5 32. Nf3 Rd8 33. Ne1
Nxe1+ 34. Rxe1 Kf6 35. Rc1 Rc8 36. Rc5 Ke6 37. Kf3 Kd6 38. h4 Rh8 39. Kg4 Re8
40. f4 Re2 41. Rc2 d3 42. Rb2 Re1 43. Kf3 Kd5 44. Kf2 Rc1 45. Ke3 Kc4 46. a3 f5
47. Kf3 Kd4 48. Ra2 Rb1 49. Kf2 Kc4 0-1

[Event "47. Torneo Villa de Mislata - Torneo A"]
[Site "Mislata ESP"]
[Date "2013.08.13"]
[Round "2.10"]
[White "Garcia De Lomas Guerrero, Carlos"]
[Black "Saenz Narciso, Miguel Angel"]
[Result "1/2-1/2"]
[WhiteElo "2013"]
[BlackElo "2206"]
[PlyCount "71"]
[EventDate "2013.08.12"]
[EventType "swiss"]
[EventRounds "9"]
[EventCountry "ESP"]
[Source "lmi"]
[SourceDate "2013.08.12"]

1. e4 c5 2. Nf3 g6 3. d4 cxd4 4. Nxd4 Nf6 5. Nc3 Nc6 6. Be3 Bg7 7. Bc4 O-O 8.
Bb3 a5 9. O-O a4 10. Nxa4 Nxe4 11. Nb5 Ra6 12. Nac3 Nxc3 13. Nxc3 d6 14. Qd2
Re8 15. Rad1 Na5 16. Rfe1 Nxb3 17. axb3 Bf5 18. Re2 Qa5 19. Bh6 Be5 20. Bf4 Bg7
21. Bh6 Rc6 22. Bxg7 Kxg7 23. Qd4+ e5 24. Qh4 f6 25. b4 Qd8 26. Red2 Re6 27. b5
Rc5 28. Qb4 Qc7 29. Nd5 Qc8 30. c3 e4 31. Ne3 Ree5 32. Rxd6 Rxb5 33. Qd4 Qc5
34. b4 Qxd4 35. R1xd4 Be6 36. Nc4 1/2-1/2

[Event "47. Torneo Villa de Mislata - Torneo A"]
[Site "Mislata ESP"]
[Date "2013.08.13"]
[Round "2.11"]
[White "Moreno Vicente, Jesus Miguel"]
[Black "Montalban Galvez, Antoni"]
[Result "0-1"]
[WhiteElo "1801"]
[BlackElo "2197"]
[PlyCount "132"]
[EventDate "2013.08.12"]
[EventType "swiss"]
[EventRounds "9"]
[EventCountry "ESP"]
[Source "lmi"]
[SourceDate "2013.08.12"]

1. e4 c5 2. Nf3 e6 3. d4 cxd4 4. Nxd4 Nc6 5. Nc3 Qc7 6. Be3 Nf6 7. Qd2 Bb4 8.
f3 Nxd4 9. Bxd4 e5 10. Be3 Bxc3 11. Qxc3 Qxc3+ 12. bxc3 d6 13. O-O-O Ke7 14.
Bc4 Be6 15. Bb3 Rhc8 16. Rd3 a5 17. a4 Bc4 18. Kd2 Bxd3 19. cxd3 Rc6 20. Bd5
Nxd5 21. exd5 Rc7 22. Bb6 Rcc8 23. Rb1 f5 24. c4 Kf6 25. Bf2 Rc7 26. Bb6 Rd7
27. Rb5 g5 28. c5 dxc5 29. Rxc5 h5 30. Bc7 f4 31. d6 Ke6 32. Rb5 g4 33. Ke2 Ra6
34. d4 exd4 35. Rxh5 gxf3+ 36. gxf3 Rc6 37. Kd3 Rc3+ 38. Ke4 d3 39. Rh6+ Kf7
40. Rh7+ Ke6 41. Rh6+ Kf7 42. Rh7+ Kg6 43. Rxd7 d2 44. Bxa5 Re3+ 45. Kxf4 Rxf3+
46. Kxf3 d1=Q+ 47. Ke3 Qb3+ 48. Kf2 Qc2+ 49. Ke3 Qc5+ 50. Ke2 Qe5+ 51. Kd1 Qd4+
52. Ke1 Qg1+ 53. Kd2 Qxh2+ 54. Kc1 Qg1+ 55. Kb2 Qg2+ 56. Ka1 Qf1+ 57. Kb2 Qe2+
58. Ka3 Qf3+ 59. Kb2 Qe2+ 60. Ka3 Qd3+ 61. Kb2 Qe2+ 62. Ka3 Qe3+ 63. Kb2 Qf2+
64. Ka3 Qf3+ 65. Kb2 Qg2+ 66. Ka3 Qh3+ 0-1

[Event "47. Torneo Villa de Mislata - Torneo A"]
[Site "Mislata ESP"]
[Date "2013.08.13"]
[Round "2.13"]
[White "Nieves Cabanes, Jose Manuel"]
[Black "Ortega Lopez, Mikel"]
[Result "0-1"]
[WhiteElo "2048"]
[BlackElo "1988"]
[PlyCount "98"]
[EventDate "2013.08.12"]
[EventType "swiss"]
[EventRounds "9"]
[EventCountry "ESP"]
[Source "lmi"]
[SourceDate "2013.08.12"]

1. d4 Nf6 2. c4 e6 3. Nf3 Bb4+ 4. Bd2 Qe7 5. g3 Nc6 6. Bg2 a5 7. O-O Bxd2 8.
Qxd2 d6 9. Nc3 O-O 10. e4 e5 11. d5 Nb8 12. Ne1 Nh5 13. Bf3 Nf6 14. Nd3 Bh3 15.
Bg2 Bxg2 16. Kxg2 Nbd7 17. Rae1 Nh5 18. Kh1 b6 19. b3 g6 20. f4 exf4 21. gxf4
Rae8 22. e5 f5 23. Nb5 Qh4 24. Qf2 Qxf2 25. Rxf2 dxe5 26. fxe5 Re7 27. Nd4 Ng7
28. Nc6 Ree8 29. e6 Nf6 30. e7 Rf7 31. Nde5 Ng4 32. Rfe2 Nxe5 33. Rxe5 f4 34.
Rf1 h6 35. Kg2 g5 36. Rfe1 Nf5 37. Re6 Kg7 38. a3 h5 39. Kf2 Ne3 40. h3 g4 41.
hxg4 hxg4 42. Rh1 Nf5 43. Rhe1 Nh4 44. Rh1 g3+ 45. Kg1 f3 46. Rxh4 f2+ 47. Kf1
g2+ 48. Kxg2 f1=Q+ 49. Kg3 Rf3+ 0-1

[Event "47. Torneo Villa de Mislata - Torneo A"]
[Site "Mislata ESP"]
[Date "2013.08.13"]
[Round "2.14"]
[White "Mingarro Carceller, Sergi"]
[Black "Morant Amezaga, Elies"]
[Result "1-0"]
[WhiteElo "2195"]
[BlackElo "2022"]
[PlyCount "91"]
[EventDate "2013.08.12"]
[EventType "swiss"]
[EventRounds "9"]
[EventCountry "ESP"]
[Source "lmi"]
[SourceDate "2013.08.12"]

1. d4 Nf6 2. c4 e6 3. g3 d5 4. Nf3 Be7 5. Bg2 O-O 6. O-O b6 7. cxd5 exd5 8. Nc3
Bb7 9. Ne5 Nbd7 10. Qa4 Nb8 11. Bf4 Qe8 12. Qxe8 Rxe8 13. Nb5 Bd8 14. Rfc1 Re7
15. Nd3 Ne8 16. Nb4 Rd7 17. Rc2 a5 18. Nd3 c6 19. Nc3 Na6 20. a3 Bf6 21. Be5
Bd8 22. Na4 g5 23. g4 f6 24. Bg3 Nd6 25. f3 Rc8 26. Bf2 b5 27. Ndc5 Nxc5 28.
Nxc5 Re7 29. b3 Bb6 30. Nxb7 Rxb7 31. Rac1 Rbc7 32. Kf1 Kf8 33. e4 Nf7 34. Ke2
dxe4 35. fxe4 Rd7 36. Rxc6 Rxc6 37. Rxc6 Bxd4 38. Bxd4 Rxd4 39. Rxf6 a4 40. b4
Rc4 41. Kd2 Ke7 42. Rb6 Nd6 43. e5 Rd4+ 44. Ke3 Nc4+ 45. Kxd4 Nxb6 46. Bf1 1-0

[Event "47. Torneo Villa de Mislata - Torneo A"]
[Site "Mislata ESP"]
[Date "2013.08.13"]
[Round "2.15"]
[White "Lopez Mulet, Inigo"]
[Black "Gonzalez Santamartina, Jorge"]
[Result "1-0"]
[WhiteElo "2120"]
[BlackElo "1891"]
[PlyCount "55"]
[EventDate "2013.08.12"]
[EventType "swiss"]
[EventRounds "9"]
[EventCountry "ESP"]
[Source "lmi"]
[SourceDate "2013.08.12"]

1. d4 Nf6 2. c4 g6 3. f3 Bg7 4. e4 d6 5. Nc3 O-O 6. Be3 c5 7. d5 a6 8. a4 b6 9.
Qd2 Ne8 10. g4 Nc7 11. Nge2 Bd7 12. Ng3 b5 13. h4 Qe8 14. h5 f6 15. hxg6 hxg6
16. Bh6 Qf7 17. Bd3 bxc4 18. Bc2 a5 19. Bxg7 Qxg7 20. Rh6 Kf7 21. O-O-O Nba6
22. e5 fxe5 23. Qg5 Rg8 24. Rxg6 Qxg6 25. Bxg6+ Rxg6 26. Qh5 Rag8 27. Nf5 Ke8
28. Nh4 1-0

[Event "47. Torneo Villa de Mislata - Torneo A"]
[Site "Mislata ESP"]
[Date "2013.08.13"]
[Round "2.16"]
[White "Cebrian Flores, Juan Antonio"]
[Black "Jordan Arenas, Manuel"]
[Result "1-0"]
[WhiteElo "1988"]
[BlackElo "2114"]
[PlyCount "61"]
[EventDate "2013.08.12"]
[EventType "swiss"]
[EventRounds "9"]
[EventCountry "ESP"]
[Source "lmi"]
[SourceDate "2013.08.12"]

1. e4 e5 2. Nf3 Nc6 3. Bb5 a6 4. Bxc6 dxc6 5. O-O Qf6 6. d4 exd4 7. Bg5 Qg6 8.
Qxd4 Be7 9. Bf4 c5 10. Qe3 Nf6 11. Nc3 Ng4 12. Qe2 Bd8 13. Rad1 O-O 14. Qc4 b6
15. Qd5 Ra7 16. Qxd8 Be6 17. Qg5 Nf6 18. Rfe1 Re8 19. h3 Kf8 20. Qxg6 hxg6 21.
Nd5 Rc8 22. g4 Rb7 23. Ng5 Bxd5 24. exd5 Ne8 25. Rd3 Nd6 26. b3 Rd8 27. Rde3
Nc8 28. Nh7+ Kg8 29. Re8+ Rxe8 30. Rxe8+ Kxh7 31. Rxc8 1-0

[Event "47. Torneo Villa de Mislata - Torneo A"]
[Site "Mislata ESP"]
[Date "2013.08.13"]
[Round "2.17"]
[White "Guillem Mora, Carlos"]
[Black "Martin Capitan, Feliciano"]
[Result "0-1"]
[WhiteElo "1903"]
[BlackElo "2105"]
[PlyCount "124"]
[EventDate "2013.08.12"]
[EventType "swiss"]
[EventRounds "9"]
[EventCountry "ESP"]
[Source "lmi"]
[SourceDate "2013.08.12"]

1. c4 c5 2. Nc3 Nc6 3. g3 g6 4. Bg2 Bg7 5. Nf3 e5 6. O-O Nge7 7. Ne1 O-O 8. Nc2
d6 9. Rb1 Rb8 10. d3 Be6 11. a3 Qd7 12. b4 Bh3 13. a4 Bxg2 14. Kxg2 f5 15. bxc5
dxc5 16. Rb5 b6 17. Bd2 Rbd8 18. Bg5 e4 19. Nd5 Nxd5 20. cxd5 exd3 21. dxc6
Qxc6+ 22. Kg1 dxc2 23. Qxc2 Bf6 24. Qc4+ Qd5 25. Qxd5+ Rxd5 26. Bxf6 Rxf6 27.
a5 Rd2 28. Rfb1 Rxe2 29. axb6 axb6 30. Rxb6 Rxb6 31. Rxb6 Kf7 32. Kg2 c4 33.
Rc6 Re4 34. Kf1 Ke7 35. f3 Rd4 36. Ke2 Kd7 37. Rc5 Kd6 38. Rc8 Kd5 39. Rc7 h6
40. Rc8 g5 41. Rc7 h5 42. h3 h4 43. g4 fxg4 44. fxg4 Ke4 45. Kf2 Kd3 46. Ke1
Ke3 47. Rc5 Kf4 48. Kf2 Rd2+ 49. Ke1 Rc2 50. Rf5+ Kg3 51. Rxg5 Kxh3 52. Rc5
Kxg4 53. Kd1 Rc3 54. Kd2 Rd3+ 55. Ke2 Rd4 56. Ke3 Rd7 57. Rxc4+ Kg3 58. Re4 h3
59. Re8 Rg7 60. Kd2 h2 61. Re1 Rd7+ 62. Kc3 Kf2 0-1

[Event "47. Torneo Villa de Mislata - Torneo A"]
[Site "Mislata ESP"]
[Date "2013.08.13"]
[Round "2.18"]
[White "Gimenez Ruiz, Jesus"]
[Black "Cabero Feliciano, Guillermo"]
[Result "0-1"]
[WhiteElo "1755"]
[BlackElo "2072"]
[PlyCount "86"]
[EventDate "2013.08.12"]
[EventType "swiss"]
[EventRounds "9"]
[EventCountry "ESP"]
[Source "lmi"]
[SourceDate "2013.08.12"]

1. e4 e6 2. d4 d5 3. e5 c5 4. c3 Qb6 5. Nf3 Nc6 6. Qa4 Bd7 7. Bb5 Nxe5 8. Bxd7+
Nxd7 9. Ne5 Rd8 10. Nxd7 Rxd7 11. dxc5 Bxc5 12. O-O Nf6 13. b4 Bd6 14. Be3 Qc7
15. h3 a6 16. a3 O-O 17. Ra2 Rc8 18. Rc1 Qc6 19. Qxc6 Rxc6 20. f3 Rdc7 21. Rd1
Rc4 22. Bd4 Nd7 23. Re2 Rc8 24. Nd2 R4c7 25. Nb1 Be7 26. g3 Bf6 27. Bxf6 Nxf6
28. Rd4 Ne8 29. Kf2 Nd6 30. a4 b6 31. Kg2 Kf8 32. Kf2 Nf5 33. Rf4 h5 34. h4 g6
35. Kg2 Ke7 36. Kh3 f6 37. g4 hxg4+ 38. fxg4 Nd6 39. Rd4 Ne4 40. Kg2 Nxc3 41.
Nxc3 Rxc3 42. Rxd5 Rc2 43. Rxc2 Rxc2+ 0-1

[Event "47. Torneo Villa de Mislata - Torneo A"]
[Site "Mislata ESP"]
[Date "2013.08.13"]
[Round "2.19"]
[White "Garcia Sancho, Josep"]
[Black "Sanchiz Marti, Josep Miquel"]
[Result "0-1"]
[WhiteElo "1735"]
[BlackElo "2047"]
[PlyCount "48"]
[EventDate "2013.08.12"]
[EventType "swiss"]
[EventRounds "9"]
[EventCountry "ESP"]
[Source "lmi"]
[SourceDate "2013.08.12"]

1. d4 Nf6 2. c4 g6 3. Nf3 Bg7 4. g3 c5 5. d5 b5 6. cxb5 a6 7. bxa6 Bxa6 8. Bg2
d6 9. O-O Nbd7 10. Nc3 Nb6 11. Re1 O-O 12. e4 Nfd7 13. Qc2 Nc4 14. b3 Nce5 15.
Nxe5 Nxe5 16. Rd1 Qb8 17. f4 Ng4 18. Bf3 Bd4+ 19. Kg2 Qc8 20. Rb1 Nf2 21. Rxd4
Qh3+ 22. Kxf2 Qf1+ 23. Ke3 Qg1+ 24. Kd2 cxd4 0-1

[Event "47. Torneo Villa de Mislata - Torneo A"]
[Site "Mislata ESP"]
[Date "2013.08.13"]
[Round "2.20"]
[White "Ferreruela Romero, Jose Joaquin"]
[Black "Gomez Sanjuan, Hector Fernando"]
[Result "1-0"]
[WhiteElo "2022"]
[BlackElo "1711"]
[PlyCount "55"]
[EventDate "2013.08.12"]
[EventType "swiss"]
[EventRounds "9"]
[EventCountry "ESP"]
[Source "lmi"]
[SourceDate "2013.08.12"]

1. d4 Nf6 2. c4 e6 3. Nc3 c5 4. d5 exd5 5. cxd5 d6 6. e4 g6 7. Nf3 Bg7 8. h3
O-O 9. Bd3 Re8 10. O-O a6 11. a4 Nbd7 12. Bf4 Qc7 13. Re1 Rb8 14. Qc2 b6 15.
Bh2 Nh5 16. Be2 Bb7 17. Nd2 Nhf6 18. f4 Ba8 19. Bxa6 Rbd8 20. Kh1 Bf8 21. Be2
h5 22. Nb5 Qb8 23. Bf3 Kh7 24. Nc4 Bb7 25. Rad1 Ba6 26. e5 Bxb5 27. axb5 Ng8
28. Bxh5 1-0

[Event "47. Torneo Villa de Mislata - Torneo A"]
[Site "Mislata ESP"]
[Date "2013.08.13"]
[Round "3.1"]
[White "Castella Garcia, Fausto"]
[Black "Jimenez Martin, Gustavo"]
[Result "1-0"]
[WhiteElo "2338"]
[BlackElo "2136"]
[PlyCount "105"]
[EventDate "2013.08.12"]
[EventType "swiss"]
[EventRounds "9"]
[EventCountry "ESP"]
[Source "lmi"]
[SourceDate "2013.08.12"]

1. e4 e5 2. Nf3 Nc6 3. Bb5 f5 4. Bxc6 dxc6 5. Nc3 fxe4 6. Nxe4 Bd6 7. Nxe5 Qe7
8. d4 Bxe5 9. dxe5 Qxe5 10. O-O Ne7 11. Re1 Bf5 12. Ng3 Qf6 13. Qe2 Kd7 14.
Qd1+ Ke8 15. Nxf5 Qxf5 16. Qe2 Qf6 17. Qh5+ Qf7 18. Qe5 Kd7 19. Qd4+ Kc8 20.
Bg5 Nf5 21. Qd3 h6 22. Qh3 Kb8 23. Re5 Rf8 24. Rae1 b6 25. Bf4 Kb7 26. Qc3 Rae8
27. h3 Nd6 28. Rxe8 Rxe8 29. Rxe8 Nxe8 30. Qe5 Nf6 31. c4 Ne8 32. b3 Nd6 33. g4
c5 34. Kg2 Qd7 35. Qd5+ Kb8 36. Be5 Qe7 37. Qg8+ Ne8 38. Bxg7 Qe4+ 39. Kg3 Qg6
40. Qf8 h5 41. f4 hxg4 42. hxg4 Kb7 43. f5 Qxg7 44. Qxe8 Qc3+ 45. Kh4 Qd2 46.
Qe4+ Kb8 47. Qe8+ Kb7 48. Qe4+ Kb8 49. Kh5 Qxa2 50. f6 Qh2+ 51. Kg6 Qd6 52. Kg7
Qd7+ 53. f7 1-0

[Event "47. Torneo Villa de Mislata - Torneo A"]
[Site "Mislata ESP"]
[Date "2013.08.13"]
[Round "3.2"]
[White "Picazo Lopez, Juan Antonio"]
[Black "Kovacevic, Slobodan"]
[Result "0-1"]
[WhiteElo "2200"]
[BlackElo "2337"]
[PlyCount "52"]
[EventDate "2013.08.12"]
[EventType "swiss"]
[EventRounds "9"]
[EventCountry "ESP"]
[Source "lmi"]
[SourceDate "2013.08.12"]

1. d4 Nf6 2. c4 e6 3. Nc3 c5 4. d5 exd5 5. cxd5 d6 6. e4 g6 7. f4 Bg7 8. Bb5+
Nfd7 9. Be2 O-O 10. Nf3 Re8 11. O-O Na6 12. Nd2 Bd4+ 13. Kh1 Nf6 14. Bf3 Nc7
15. a4 Rb8 16. Nc4 Bxc3 17. bxc3 Nxe4 18. Ne3 f5 19. c4 b6 20. g4 fxg4 21. Bxg4
Qh4 22. Qf3 Nf6 23. f5 Rxe3 24. Bxe3 Nxg4 25. Bf4 Bxf5 26. Bxd6 Be4 0-1

[Event "47. Torneo Villa de Mislata - Torneo A"]
[Site "Mislata ESP"]
[Date "2013.08.13"]
[Round "3.3"]
[White "Sanchez Dengra, Jose Maria"]
[Black "Serna Lara, Sergio"]
[Result "1/2-1/2"]
[WhiteElo "2134"]
[BlackElo "2287"]
[PlyCount "35"]
[EventDate "2013.08.12"]
[EventType "swiss"]
[EventRounds "9"]
[EventCountry "ESP"]
[Source "lmi"]
[SourceDate "2013.08.12"]

1. e4 e6 2. d4 d5 3. Bd3 c5 4. exd5 Qxd5 5. Nc3 Qxd4 6. Nb5 Qd8 7. Bf4 Na6 8.
Qe2 Qa5+ 9. c3 Nf6 10. Rd1 Bd7 11. Nf3 Be7 12. Ne5 Bxb5 13. Bxb5+ Kf8 14. O-O
Nc7 15. Bc4 Ncd5 16. Bg5 Qc7 17. Rfe1 Bd6 18. Bxf6 1/2-1/2

[Event "47. Torneo Villa de Mislata - Torneo A"]
[Site "Mislata ESP"]
[Date "2013.08.13"]
[Round "3.4"]
[White "Cano Cabanillas, Javier"]
[Black "Sos Andreu, Eric"]
[Result "1/2-1/2"]
[WhiteElo "2010"]
[BlackElo "2229"]
[PlyCount "54"]
[EventDate "2013.08.12"]
[EventType "swiss"]
[EventRounds "9"]
[EventCountry "ESP"]
[Source "lmi"]
[SourceDate "2013.08.12"]

1. e4 c6 2. d4 d5 3. Nc3 dxe4 4. Nxe4 Bf5 5. Ng3 Bg6 6. h4 h6 7. Nf3 Nd7 8. h5
Bh7 9. Bd3 Bxd3 10. Qxd3 e6 11. Bd2 Ngf6 12. O-O-O Be7 13. Kb1 O-O 14. Ne4 Nxe4
15. Qxe4 Nf6 16. Qe2 Qd5 17. Be3 Rfd8 18. Ne5 c5 19. Ng4 cxd4 20. Bxd4 Qg5 21.
Nxf6+ Bxf6 22. Bxf6 Qxf6 23. f3 Qg5 24. g4 Qf4 25. Rxd8+ Rxd8 26. Rd1 Qc7 27.
Rd3 Rxd3 1/2-1/2

[Event "47. Torneo Villa de Mislata - Torneo A"]
[Site "Mislata ESP"]
[Date "2013.08.13"]
[Round "3.5"]
[White "Rubio Tent, Francisco"]
[Black "Buenafe Moya, Javier"]
[Result "1/2-1/2"]
[WhiteElo "2150"]
[BlackElo "2229"]
[PlyCount "61"]
[EventDate "2013.08.12"]
[EventType "swiss"]
[EventRounds "9"]
[EventCountry "ESP"]
[Source "lmi"]
[SourceDate "2013.08.12"]

1. e4 e5 2. Nf3 Nc6 3. Bb5 Nf6 4. d3 Bc5 5. O-O d6 6. c3 a6 7. Ba4 Ba7 8. h3 b5
9. Bb3 h6 10. Re1 O-O 11. Nbd2 Re8 12. Nf1 d5 13. Ng3 Be6 14. Be3 d4 15. cxd4
Nxd4 16. Bxe6 Rxe6 17. Rc1 Bb6 18. Nxd4 Bxd4 19. Qc2 Bxe3 20. Rxe3 c6 21. Nf5
Kh7 22. Qc3 g6 23. Nh4 Qd6 24. Nf3 a5 25. d4 exd4 26. Qxd4 Qxd4 27. Nxd4 Rxe4
28. Rxe4 Nxe4 29. f3 Ng3 30. Kf2 Nh5 31. Rxc6 1/2-1/2

[Event "47. Torneo Villa de Mislata - Torneo A"]
[Site "Mislata ESP"]
[Date "2013.08.13"]
[Round "3.6"]
[White "Aymerich Rosell, Pablo"]
[Black "Fernandez Ayuso, Sergio"]
[Result "0-1"]
[WhiteElo "2199"]
[BlackElo "2043"]
[PlyCount "152"]
[EventDate "2013.08.12"]
[EventType "swiss"]
[EventRounds "9"]
[EventCountry "ESP"]
[Source "lmi"]
[SourceDate "2013.08.12"]

1. d4 Nf6 2. c4 e6 3. Nc3 d5 4. cxd5 exd5 5. Bg5 Nbd7 6. e3 c6 7. Bd3 Be7 8.
Qc2 Nf8 9. Nge2 Bg4 10. O-O Ne6 11. Bh4 Bh5 12. Ng3 g5 13. Nxh5 gxh4 14. Nxf6+
Bxf6 15. Bxh7 Kf8 16. f4 Qe7 17. Rae1 Re8 18. Re2 b5 19. a3 a5 20. Bd3 Qd6 21.
Kh1 Rb8 22. Bf5 b4 23. axb4 axb4 24. Na4 b3 25. Qd3 Rb4 26. Qa6 Nc7 27. Qa5 Be7
28. Nc5 Rb5 29. Qc3 Kg7 30. Nxb3 Qf6 31. Bd3 Rb6 32. Nc5 Bxc5 33. Qxc5 Rhb8 34.
Qc1 Rb4 35. Rc2 R8b6 36. Qd2 Ne6 37. Qe2 Rb3 38. Rfc1 Nd8 39. h3 Kf8 40. Ra1
Rb8 41. Ra3 R3b4 42. Qd2 Qg7 43. Bf5 c5 44. dxc5 Rxb2 45. e4 Rxc2 46. Qxc2 Rb2
47. exd5 Rxc2 48. Bxc2 Qb2 49. Ra8 Qc1+ 50. Kh2 Qxf4+ 51. Kh1 Qc1+ 52. Kh2 Qxc2
53. Rxd8+ Ke7 54. Rc8 Kd7 55. Rc6 Qf5 56. Rd6+ Ke7 57. Kg1 Qf4 58. Rc6 Qe3+ 59.
Kh2 Qe5+ 60. Kh1 Qxd5 61. Rh6 Qc4 62. Rd6 Qc1+ 63. Kh2 Qxc5 64. Rd3 Qc1 65. Rf3
Ke6 66. Rf2 f5 67. Rf3 Ke5 68. Rb3 Qf4+ 69. Kh1 Qf1+ 70. Kh2 Qd1 71. Ra3 Ke4
72. Rc3 Qd6+ 73. Kh1 Qd2 74. Rf3 Qd1+ 75. Kh2 Qxf3 76. gxf3+ Kxf3 0-1